| 000 | 00000nas 2200000za 4500 |
| 001 | 9.863781 |
| 003 | CaOODSP |
| 005 | 20221107161349 |
| 007 | cr ||||||||||| |
| 008 | 181026d19771995oncmr p oss f0###a0eng|d |
| 022 | |y0380-464X |
| 040 | |aCaOODSP|beng |
| 041 | |aeng|afre |
| 043 | |an-cn--- |
| 086 | 1 |aCS35-002-PDF |
| 245 | 00|aProduction, shipments and stocks on hand of sawmills east of the Rockies (excluding Newfoundland and Prince Edward Island)|h[electronic resource] / |cStatistics Canada, Manufacturing and Primary Industries Division = Production, expéditions et stocks en mains des scieries à l'est des Rocheuses (sauf Terre-Neuve et l'Île-du-Prince-Édouard) / Statistique Canada, Division des industries manufacturières et primaires. |
| 246 | 11|aProduction, expéditions et stocks en mains des scieries à l'est des Rocheuses (sauf Terre-Neuve et l'Île-du-Prince-Édouard) |
| 246 | 13|aProduction, livraisons et stocks en mains des scieries à l'est des Rocheuses (sauf Terre-Neuve et l'Île-du-Prince-Édouard)|fJan. 1979-Dec. 1995 |
| 260 | |aOttawa :|bStatistics Canada = Statistics Canada, |c1977-1995. |
| 310 | |aMonthly |
| 362 | 0 |aVol. 32, no. 1 (Jan. 1977)-v. 50, no. 12 (Dec. 1995). |
| 500 | |aDigitized edition from print [produced by Statistics Canada]. |
| 500 | |aSome issues have title: Production, livraison et stocks en mains des scieries à l'est des Rocheuses (sauf Terre-Neuve et l'Île-du-Prince-Édouard). |
| 546 | |aText in English and French. |
| 550 | |aIssued Jan. 1985-Dec. 1995 by Industry Division. |
| 580 | |aMerged with: Production, shipments and stocks on hand of sawmills in British Columbia, to form: Sawmills and planing mills. |
| 692 | 07|2gccst|aLumber industry |
| 710 | 1 |aCanada. |bStatistics Canada. |bIndustry Division. |
| 710 | 1 |aCanada. |bStatistics Canada. |bManufacturing and Primary Industries Division. |
| 780 | 00|tProduction, shipments and stocks on hand of sawmills East of the Rockies (excluding Newfoundland, Prince Edward Island and Manitoba) |w(CaOODSP)9.863771 |
| 780 | 00|tProduction, shipments, and stocks on hand of sawmills in British Columbia |w(CaOODSP)9.863789 |
| 785 | 00|tSawmills and planing mills |w(CaOODSP)9.863827 |
| 792 | |tProduction, shipments and stocks on hand of sawmills east of the Rockies (excluding Newfoundland and Prince Edward Island) |efre|w(CaOODSP)9.863782 |